01278cam a2200337 i 450000100090000000300090000900500170001800800410003502000150007602000180009103500210010904000380013004300120016808200190018010000420019924501090024126400610035026400100041130000560042133600260047733700280050333800270053150400510055865100490060965100430065865500170070170000390071894200120075799900170076995201540078612502919EG-ScBUE20240807124603.0010801s1997 ua a f b 001 0 eng d a9774244192 a9789774244193 a(DLC) 200130380 aDLCbengerdacDLCdDLCdEG-ScBUE af-ua---04a953.1222bJAH1 aJahn, Wolfgang,d1942-eauthor.9801210aSinai and the Red Sea :bacross the land of the bedouin to the Gulf of Aqaba /cWolfgang and Rosel Jahn. 1aCairo :bThe American University in Cairo Press,c[1997] 4cc1997 a128 pages :billustrations (chiefly color) ;c33 cm 2rdacontentatextbtxt aunmediated2rdamediabn avolumebnc2rdacarrier aIncludes bibliographical references and index. 7aSinai (Egypt)vPictorial works.2BUEsh98013 7aRed SeavPictorial works.2BUEsh98014 vReading book1 aJahn, Rosel,d1942-eauthor.98015 2ddccBB c12348d12348 00102ddc40708AUCaMAINbMAINc2NDd2009-07-13epurchaseg75.00h4122l2m2o953.1 JAHp000017379r2026-02-23 00:00:00s2026-02-15w2009-07-13yBB